[Event "Scarborough CC Spring Swiss U1700"]
[Site "Toronto CAN"]
[Date "2009.06.18"]
[Round "8"]
[White "Yusuf, Magas"]
[Black "Du, Bob"]
[Result "1-0"]
[WhiteElo "1380"]
[BlackElo "1329"]
[PlyCount "112"]
[GameId "2160767910157090"]
[EventDate "2009.04.30"]
[EventType "swiss"]
[EventRounds "8"]
[EventCountry "CAN"]

1. e4 c6 2. d4 d5 3. exd5 cxd5 4. Nc3 Bf5 5. Nf3 e6 6. Bf4 Bd6 7. Bg5 Ne7 8. Bb5+ Nbc6 9. Nh4 a6 10. Bxc6+ bxc6 11. Nxf5 exf5 12. O-O O-O 13. Qd3 f4 14. Bxe7 Qxe7 15. Rfe1 Qf6 16. Na4 Qh6 17. Nc5 f3 18. g3 Bxc5 19. dxc5 Qh5 20. c3 h6 21. Re3 Rfe8 22. Rxf3 Qh3 23. Re3 Rxe3 24. Qxe3 h5 25. Re1 h4 26. Qd3 Qg4 27. Kg2 h3+ 28. Kg1 Qh5 29. c4 dxc4 30. Qxc4 Kf8 31. b3 Re8 32. Rxe8+ Kxe8 33. Qxa6 Qd5 34. Qc8+ Ke7 35. Qxh3 Qxc5 36. Qh4+ f6 37. Qe4+ Kf7 38. Qc4+ Qxc4 39. bxc4 Ke7 40. c5 Ke6 41. a4 Kd7 42. Kg2 Kc7 43. Kf3 Kb7 44. Kf4 Ka6 45. Kf5 Ka5 46. Kg6 Kxa4 47. Kxg7 Kb5 48. h4 Kxc5 49. h5 Kd4 50. h6 c5 51. h7 c4 52. h8=Q c3 53. Kxf6 c2 54. Kg5+ Kd3 55. Qh7+ Kd2 56. Qxc2+ Kxc2 1-0

[Event "Scarborough CC ch reserves U1700"]
[Site "Toronto CAN"]
[Date "2009.02.26"]
[Round "1"]
[White "Lin, Tony (Juntao)"]
[Black "Woolford, Jesse"]
[Result "0-1"]
[WhiteElo "1400"]
[BlackElo "1131"]
[PlyCount "132"]
[GameId "2160767910260467"]
[EventDate "2009.02.26"]
[EventType "swiss"]
[EventRounds "9"]
[EventCountry "CAN"]

1. e4 e5 2. Nf3 Nc6 3. Bc4 Nf6 4. d3 Be7 5. O-O O-O 6. Nc3 d6 7. Re1 Bg4 8. h3 Bh5 9. Be3 Na5 10. Bb3 c6 11. Kh1 Nxb3 12. axb3 d5 13. exd5 Bxf3 14. Qxf3 cxd5 15. Bd2 d4 16. Ne4 Qc7 17. Rac1 Nxe4 18. Qxe4 f6 19. f4 Bd6 20. f5 Rfe8 21. Rf1 Qc6 22. Qxc6 bxc6 23. Rce1 a5 24. Ra1 Bb4 25. c3 Bc5 26. cxd4 Bxd4 27. Bc3 Bb6 28. Ra4 Red8 29. Rd1 Kf7 30. g4 h6 31. h4 Ra7 32. Kg2 Rad7 33. Bxa5 Bxa5 34. Rxa5 Rxd3 35. Rxd3 Rxd3 36. Ra7+ Kg8 37. Rb7 Rd2+ 38. Kf3 Rxb2 39. Rb8+ Kh7 40. Rb7 Kg8 41. Ke4 c5 42. Kd5 Rc2 43. Rc7 Rc3 44. Rxc5 Rxb3 45. Rc4 Rb8 46. Ke6 Re8+ 47. Kd7 Kf7 48. Re4 Re7+ 49. Kd6 Re8 50. Kd7 Rh8 51. h5 Rh7 52. Kd6 Rh8 53. Kd7 Ra8 54. Kc6 Ke7 55. Kc5 Ra5+ 56. Kb4 Ra1 57. Kc3 Rf1 58. Kd2 Kd6 59. Ke2 Kd5 60. Ra4 Rf4 61. Rxf4 exf4 62. Kf3 Ke5 63. Kf2 Ke4 64. g5 Kxf5 65. g6 Kg5 66. Kg2 Kxh5 0-1

[Event "Scarborough CC ch reserves U1700"]
[Site "Toronto CAN"]
[Date "2009.03.05"]
[Round "2"]
[White "Lin, Tony (Juntao)"]
[Black "Philip, Andrew"]
[Result "1-0"]
[WhiteElo "1346"]
[BlackElo "1597"]
[PlyCount "119"]
[GameId "2160767910260468"]
[EventDate "2009.02.26"]
[EventType "swiss"]
[EventRounds "9"]
[EventCountry "CAN"]

1. e4 Nc6 2. d4 d5 3. e5 Bf5 4. f4 e6 5. Nf3 Nge7 6. c3 h6 7. Bd3 g6 8. Bxf5 gxf5 9. Be3 Ng6 10. Nbd2 Be7 11. g3 Qd7 12. Nb3 b6 13. Qe2 a5 14. O-O a4 15. Nbd2 Na5 16. b3 c5 17. Rfc1 Rc8 18. c4 O-O 19. Kh1 Rfd8 20. Rg1 dxc4 21. bxc4 Qc6 22. dxc5 Bxc5 23. Bxc5 Qxc5 24. Rac1 Nc6 25. h3 Qa3 26. Nb1 Qd3 27. Qxd3 Rxd3 28. Kg2 Rcd8 29. Nc3 Nd4 30. Nxd4 R8xd4 31. Nxa4 Rd2+ 32. Kh1 Rxa2 33. Nc3 Ra3 34. Nb5 Rad3 35. Nxd4 Rxd4 36. Rgd1 Re4 37. Rd6 Re3 38. Kg2 Re2+ 39. Kf3 Rb2 40. Rc3 h5 41. h4 Rb4 42. Rdd3 Kg7 43. Ke3 Ne7 44. Kd2 Ng6 45. Kc2 Ne7 46. Rd1 Nc6 47. Rd6 Ne7 48. Kd3 Ng6 49. Ra3 Kf8 50. Kc3 Rb1 51. Rb3 Rg1 52. Kb4 Ra1 53. Rxb6 Ra7 54. Rc3 Ne7 55. Rd6 Rb7+ 56. Kc5 Kg7 57. Rb6 Rd7 58. Rd6 Rc7+ 59. Kb6 Nc8+ 60. Kxc7 1-0

[Event "Scarborough CC ch reserves U1700"]
[Site "Toronto CAN"]
[Date "2009.03.12"]
[Round "3"]
[White "Du, Bob"]
[Black "Xie, Peter"]
[Result "1/2-1/2"]
[WhiteElo "1260"]
[BlackElo "1493"]
[PlyCount "122"]
[GameId "2160767910260469"]
[EventDate "2009.02.26"]
[EventType "swiss"]
[EventRounds "9"]
[EventCountry "CAN"]

1. e4 e5 2. Nf3 Nc6 3. Bb5 a6 4. Ba4 Nf6 5. O-O d6 6. Re1 b5 7. Bb3 h6 8. h3 Be7 9. c3 Na5 10. Bc2 c5 11. d4 exd4 12. cxd4 O-O 13. d5 Nc4 14. Nbd2 Nb6 15. b3 Nbd7 16. Rb1 Re8 17. Bb2 Nh5 18. Nf1 Bf6 19. Bxf6 Ndxf6 20. Qd2 Nd7 21. a4 Nhf6 22. Ng3 Ne5 23. Nxe5 Rxe5 24. axb5 axb5 25. Ra1 Rb8 26. Qa5 Qxa5 27. Rxa5 Nxd5 28. Rd1 Nb4 29. Bb1 Nc6 30. Ra2 Nd4 31. Rb2 b4 32. Ne2 Nb5 33. Bd3 Bd7 34. Bxb5 Bxb5 35. Ng3 Rd8 36. Rbd2 Bc6 37. f3 g6 38. Rxd6 Rxd6 39. Rxd6 Bb5 40. Rd8+ Kg7 41. Rb8 Bd3 42. Nf1 f5 43. Rb7+ Kf6 44. Rb6+ Kg5 45. g3 Re7 46. f4+ Kh5 47. e5 g5 48. Nd2 gxf4 49. gxf4 Bc2 50. Rc6 Rd7 51. Rd6 Rg7+ 52. Kh2 Ra7 53. Kg2 Ra2 54. e6 Bxb3 55. e7 Bf7 56. Kg1 Ra7 57. Rf6 Rxe7 58. Rxf5+ Kh4 59. Rxc5 Kxh3 60. Rb5 Kg3 61. Rxb4 Re1+ 1/2-1/2

[Event "Scarborough CC ch reserves U1700"]
[Site "Toronto CAN"]
[Date "2009.03.12"]
[Round "3"]
[White "Ward, Dean"]
[Black "Lin, Tony (Juntao)"]
[Result "1-0"]
[WhiteElo "1697"]
[BlackElo "1346"]
[PlyCount "55"]
[GameId "2160767910260470"]
[EventDate "2009.02.26"]
[EventType "swiss"]
[EventRounds "9"]
[EventCountry "CAN"]

1. e4 c5 2. Nf3 e6 3. d4 cxd4 4. Nxd4 Nc6 5. Nc3 Qc7 6. Ndb5 Qb8 7. f4 a6 8. Nd4 Bc5 9. Nce2 Nf6 10. e5 Nd5 11. a3 Qa7 12. c3 b5 13. g3 Bb7 14. Bg2 Nde7 15. Rf1 Rd8 16. Be3 Nxd4 17. Bxb7 Qxb7 18. Bxd4 Bxd4 19. Nxd4 Nd5 20. Qf3 Qc7 21. O-O-O Qc4 22. Kb1 Rb8 23. f5 Rf8 24. fxe6 Ke7 25. Nf5+ Kxe6 26. Nxg7+ Kxe5 27. Rxd5+ Qxd5 28. Qf4# 1-0

[Event "Scarborough CC ch reserves U1700"]
[Site "Toronto CAN"]
[Date "2009.03.19"]
[Round "4.30"]
[White "Woolford, Jesse"]
[Black "Xia, Linda"]
[Result "1/2-1/2"]
[WhiteElo "1141"]
[BlackElo "1576"]
[PlyCount "96"]
[GameId "2160767910260471"]
[EventDate "2009.02.26"]
[EventType "swiss"]
[EventRounds "9"]
[EventCountry "CAN"]

1. e4 e5 2. Nf3 Nf6 3. Nxe5 d6 4. Nf3 Nxe4 5. Nc3 Nf6 6. d4 Be6 7. Be3 Nbd7 8. Be2 Be7 9. O-O O-O 10. Ng5 Ng4 11. Nxe6 Nxe3 12. Nxd8 Nxd1 13. Raxd1 Raxd8 14. Nd5 Bf6 15. Nxf6+ Nxf6 16. Rfe1 c5 17. dxc5 dxc5 18. Bf3 b6 19. c3 h6 20. h3 a5 21. a3 Rb8 22. Kf1 b5 23. b4 axb4 24. axb4 cxb4 25. cxb4 Rfc8 26. Rb1 Ne8 27. Re5 Nc7 28. Be2 Rb6 29. Rc1 Rbb8 30. Bxb5 Nxb5 31. Rxc8+ Rxc8 32. Rxb5 Kf8 33. Ke2 Ke7 34. Kd3 Kd6 35. Kd4 Rc2 36. Rf5 f6 37. Kd3 Rc6 38. g4 Ra6 39. Rc5 Ra3+ 40. Rc3 Ra4 41. b5 Rb4 42. Rc6+ Kd7 43. Rc5 Rb3+ 44. Kc4 Rb2 45. f3 Rc2+ 46. Kb4 Rb2+ 47. Ka5 Kd6 48. Kb6 Rb3 1/2-1/2

[Event "Scarborough CC ch reserves U1700"]
[Site "Toronto CAN"]
[Date "2009.03.26"]
[Round "5"]
[White "Lin, Tony (Juntao)"]
[Black "Rogers, Michael"]
[Result "1/2-1/2"]
[WhiteElo "1346"]
[BlackElo "1376"]
[PlyCount "108"]
[GameId "2160767910260472"]
[EventDate "2009.02.26"]
[EventType "swiss"]
[EventRounds "9"]
[EventCountry "CAN"]

1. d4 f5 2. Bg5 h6 3. Bh4 Nf6 4. e3 d5 5. Nf3 g5 6. Bg3 Nbd7 7. c4 c6 8. Nc3 e6 9. Qb3 Be7 10. Bd3 O-O 11. h3 Qe8 12. cxd5 exd5 13. Bxf5 Nc5 14. Qc2 Bxf5 15. Qxf5 Nfe4 16. Qxf8+ Qxf8 17. dxc5 Nxg3 18. fxg3 Bxc5 19. Kf2 Re8 20. Rhe1 Qf6 21. a3 d4 22. Na4 dxe3+ 23. Kf1 Bd4 24. Re2 b5 25. Rd1 c5 26. Nc3 Bxc3 27. bxc3 Qxc3 28. Rd6 Qc1+ 29. Re1 e2+ 30. Kg1 Qe3+ 31. Kh2 c4 32. Rxh6 Rd8 33. Rg6+ Kh7 34. Re6 Qxa3 35. Nxg5+ Kg7 36. R6xe2 Rd7 37. Ne6+ Kg6 38. Nf4+ Kf7 39. Rf2 Rd6 40. Nd5+ Kg6 41. Nf4+ Kh6 42. Rf3 Qc5 43. Rfe3 c3 44. Re5 Qc6 45. Rh5+ Kg7 46. Rg5+ Kf7 47. Nh5 c2 48. Rg7+ Kf8 49. Rf1+ Ke8 50. Rxa7 Rd7 51. Nf6+ Qxf6 52. Ra8+ Rd8 53. Rxf6 Rxa8 54. Rc6 Ra2 1/2-1/2

[Event "Scarborough CC ch reserves U1700"]
[Site "Toronto CAN"]
[Date "2009.04.02"]
[Round "6"]
[White "Xi, Jason"]
[Black "Lin, Tony (Juntao)"]
[Result "0-1"]
[WhiteElo "1064"]
[BlackElo "1354"]
[PlyCount "76"]
[GameId "2160767910260473"]
[EventDate "2009.02.26"]
[EventType "swiss"]
[EventRounds "9"]
[EventCountry "CAN"]

1. e4 c5 2. Nf3 e6 3. d4 cxd4 4. Nxd4 Nc6 5. Nc3 a6 6. Be3 Qc7 7. Be2 Nf6 8. O-O Bb4 9. Qd2 Nxe4 10. Qd3 Nxc3 11. bxc3 Be7 12. Nxc6 bxc6 13. Qd4 Bf6 14. Qd2 c5 15. Bg5 Rg8 16. Bxf6 gxf6 17. Qh6 Bb7 18. g3 Qe5 19. Bd3 Qxc3 20. Qxh7 Ke7 21. Rab1 Rh8 22. Qg7 Rag8 23. Qxg8 Rxg8 24. Rxb7 a5 25. Rc7 Qe5 26. Rb7 f5 27. Rbb1 f4 28. Rfe1 Qh5 29. Be2 f3 30. Bc4 Rh8 31. h4 Rg8 32. Re3 Qxh4 33. Rxf3 Qxc4 34. Rb2 Qd4 35. Rbb3 Qd1+ 36. Kg2 Rh8 37. g4 Qh1+ 38. Kg3 Qh2# 0-1

[Event "Scarborough CC ch reserves U1700"]
[Site "Toronto CAN"]
[Date "2009.04.09"]
[Round "7"]
[White "Lin, Tony (Juntao)"]
[Black "Xie, Peter"]
[Result "1/2-1/2"]
[WhiteElo "1354"]
[BlackElo "1493"]
[PlyCount "78"]
[GameId "2160767910260474"]
[EventDate "2009.02.26"]
[EventType "swiss"]
[EventRounds "9"]
[EventCountry "CAN"]

1. e4 e5 2. Nf3 Nc6 3. Bc4 Nf6 4. Ng5 d5 5. exd5 Na5 6. Bb5+ c6 7. dxc6 bxc6 8. Qf3 Qd6 9. Ba4 h6 10. Ne4 Nxe4 11. Qxe4 Bd7 12. Nc3 Be7 13. d3 Nb7 14. Bb3 Nc5 15. Qf3 O-O 16. Qg3 Nxb3 17. axb3 Qe6 18. O-O Bd6 19. Qe3 f5 20. Qe2 f4 21. f3 Bc5+ 22. Kh1 Rf5 23. Ne4 Bb6 24. g4 Rff8 25. Bd2 c5 26. c4 Bc6 27. h4 h5 28. Rg1 Bxe4 29. dxe4 Bd8 30. Qh2 Rf6 31. g5 Rf7 32. Kg2 Rd7 33. Rad1 Rb8 34. Qh3 Qxh3+ 35. Kxh3 Rxb3 36. Bc3 Rd4 37. Bxd4 exd4 38. Rgf1 Bb6 39. Rf2 Rb4 1/2-1/2

[Event "Scarborough CC ch reserves U1700"]
[Site "Toronto CAN"]
[Date "2009.04.16"]
[Round "8"]
[White "Farrant, David"]
[Black "Lin, Tony (Juntao)"]
[Result "1-0"]
[WhiteElo "1498"]
[BlackElo "1354"]
[PlyCount "93"]
[GameId "2160767910260475"]
[EventDate "2009.02.26"]
[EventType "swiss"]
[EventRounds "9"]
[EventCountry "CAN"]

1. e4 c5 2. Nf3 e6 3. c4 Nc6 4. Nc3 a6 5. Be2 d6 6. d3 Nf6 7. Bg5 h6 8. Bh4 g6 9. O-O Bg7 10. d4 cxd4 11. Nxd4 O-O 12. Kh1 Qb6 13. Nxc6 Qxc6 14. f3 Qb6 15. Qc2 Rd8 16. Rad1 g5 17. Bf2 Qc6 18. e5 Nh5 19. exd6 Rxd6 20. Ne4 Rxd1 21. Rxd1 f5 22. Nd6 Nf4 23. c5 b5 24. b4 Bd7 25. Bg3 Nxe2 26. Qxe2 f4 27. Bf2 e5 28. Qd3 Rf8 29. Qb3+ Kh7 30. Nf7 Be6 31. Qb1+ Kg8 32. Rd6 Qc8 33. Nxh6+ Bxh6 34. Qg6+ Bg7 35. Rxe6 Qd7 36. Rd6 Qb7 37. Qxg5 e4 38. c6 Qb8 39. Rd7 Rf7 40. Rd8+ Rf8 41. Qd5+ Kh8 42. Rxb8 e3 43. Rxf8+ Bxf8 44. Bxe3 fxe3 45. Qe5+ Bg7 46. Qxe3 Kg8 47. c7 1-0

[Event "Scarborough CC ch reserves op"]
[Site "Toronto CAN"]
[Date "2009.03.05"]
[Round "2"]
[White "Morra, Lui"]
[Black "Rapoport, Alexander"]
[Result "0-1"]
[WhiteElo "1641"]
[BlackElo "1859"]
[PlyCount "109"]
[GameId "2160767910260476"]
[EventDate "2009.02.26"]
[EventType "swiss"]
[EventRounds "9"]
[EventCountry "CAN"]

1. b3 e6 2. Bb2 Nf6 3. Nf3 d5 4. g3 c5 5. Bg2 Nc6 6. O-O Bd6 7. d3 Qe7 8. Nbd2 e5 9. e4 d4 10. Nc4 Bg4 11. Qd2 Bc7 12. a4 O-O 13. Nh4 Nd7 14. Nf5 Qf6 15. Nh4 g5 16. Nf5 Bxf5 17. exf5 Qxf5 18. Be4 Qf6 19. a5 Qh6 20. a6 b5 21. Na3 Ba5 22. Qe2 Rab8 23. Bc1 Bc3 24. Rb1 f5 25. Bxg5 Qg6 26. Bd5+ Kg7 27. Bc1 Rb6 28. Qf3 Nb4 29. Bb7 Nf6 30. Qe2 Re8 31. Bd2 Nfd5 32. Rbd1 Bxd2 33. Rxd2 Nc3 34. Qf3 Nxa6 35. Bxa6 Rxa6 36. Qb7+ Kh8 37. Nxb5 Rb6 38. Qc7 Nxb5 39. Qxc5 Qd6 40. Qc4 Qe6 41. Qc5 Rc8 42. Qb4 Qd6 43. Qa5 Qc6 44. Re2 Qc5 45. Rfe1 Re6 46. f4 e4 47. b4 Qb6 48. Qa2 Nc3 49. Qb3 Nxe2+ 50. Rxe2 Qc6 51. b5 Qd6 52. dxe4 fxe4 53. f5 Re5 54. Qf7 Qe7 55. Qh5 0-1

[Event "Scarborough CC ch reserves op"]
[Site "Toronto CAN"]
[Date "2009.04.02"]
[Round "6"]
[White "Ferreira, Alex"]
[Black "Guo, Joshua"]
[Result "1-0"]
[WhiteElo "2062"]
[BlackElo "2220"]
[PlyCount "89"]
[GameId "2160767910260477"]
[EventDate "2009.02.26"]
[EventType "swiss"]
[EventRounds "9"]
[EventCountry "CAN"]

1. Nc3 d5 2. e4 c6 3. d3 e5 4. Nf3 Bb4 5. Bd2 d4 6. Ne2 Bxd2+ 7. Qxd2 f6 8. Nh4 Ne7 9. f4 exf4 10. Qxf4 c5 11. Ng3 Nbc6 12. Be2 O-O 13. Qd2 Be6 14. O-O Qd7 15. Ngf5 Nxf5 16. Nxf5 Ne7 17. Bg4 Kh8 18. Nxe7 Bxg4 19. Nf5 g6 20. Nh4 Rae8 21. h3 Be6 22. Rf2 Kg7 23. Raf1 Re7 24. Nf3 Ref7 25. Qf4 Qc7 26. Ng5 fxg5 27. Qxc7 Rxc7 28. Rxf8 g4 29. hxg4 Bxg4 30. Ra8 a6 31. b3 Bc8 32. a4 h5 33. Kf2 Kf7 34. Kg3+ Ke7 35. Kh4 b5 36. Kg5 bxa4 37. bxa4 c4 38. Kxg6 cxd3 39. cxd3 Rc2 40. Kxh5 Bd7 41. g3 Rc3 42. Rf3 Bc6 43. Ra7+ Ke8 44. Rxa6 Ke7 45. Kg4 1-0

[Event "Scarborough CC-ch"]
[Site "Toronto CAN"]
[Date "2009.02.26"]
[Round "1"]
[White "Lamb, Bryan"]
[Black "Villalobos, Oscar"]
[Result "1-0"]
[WhiteElo "2237"]
[BlackElo "2061"]
[PlyCount "57"]
[GameId "2160767910260478"]
[EventDate "2009.02.26"]
[EventType "tourn"]
[EventRounds "9"]
[EventCountry "CAN"]
[SourceTitle "EXT 2011"]
[Source "ChessBase"]
[SourceDate "2011.11.26"]
[SourceVersion "1"]
[SourceVersionDate "2011.11.26"]
[SourceQuality "1"]

1. c4 c5 2. Nc3 Nc6 3. Nf3 e5 4. g3 Rb8 5. Bg2 Nge7 6. O-O g6 7. d3 Bg7 8. Ne1 a6 9. Nc2 b5 10. Ne3 f5 11. f4 O-O 12. fxe5 Nxe5 13. Ncd5 N7c6 14. Rb1 Nd4 15. a3 bxc4 16. Nxc4 Bb7 17. Bf4 d6 18. b4 Re8 19. e3 Ne6 20. bxc5 Nxf4 21. exf4 Ng4 22. Nxd6 Bxd5 23. Bxd5+ Kf8 24. Qa4 Qe7 25. Rb7 Rxb7 26. Bxb7 Qd8 27. Qxe8+ Qxe8 28. Nxe8 Bd4+ 29. Kh1 1-0

[Event "Scarborough CC-ch"]
[Site "Toronto CAN"]
[Date "2009.03.05"]
[Round "2"]
[White "Hall, John2"]
[Black "Villalobos, Oscar"]
[Result "1-0"]
[WhiteElo "2204"]
[BlackElo "2061"]
[PlyCount "79"]
[GameId "2160767910260480"]
[EventDate "2009.02.26"]
[EventType "tourn"]
[EventRounds "9"]
[EventCountry "CAN"]
[SourceTitle "EXT 2011"]
[Source "ChessBase"]
[SourceDate "2011.11.26"]
[SourceVersion "1"]
[SourceVersionDate "2011.11.26"]
[SourceQuality "1"]

1. d4 Nf6 2. Nf3 g6 3. c4 Bg7 4. Nc3 d6 5. Bg5 h6 6. Bh4 g5 7. Bg3 Nh5 8. e3 Nd7 9. Bd3 c5 10. d5 Qa5 11. Qc2 a6 12. O-O O-O 13. a4 Nxg3 14. hxg3 g4 15. Nh4 Ne5 16. Bh7+ Kh8 17. Ne2 Bf6 18. Bf5 Qb4 19. Bxc8 Raxc8 20. b3 b5 21. Rac1 bxa4 22. bxa4 Rb8 23. Nf5 Qa3 24. Nf4 Rb2 25. Qe4 Bg5 26. Nh4 Qxa4 27. Qf5 Kg8 28. Nd3 Nxd3 29. Qxd3 Qb3 30. Qf5 a5 31. Qxg4 a4 32. Nf5 Kh8 33. Qh5 Qd3 34. g4 a3 35. f4 Qd2 36. Qh3 a2 37. fxg5 h5 38. Qxh5+ Kg8 39. Nxe7+ Kg7 40. Qh6# 1-0

[Event "Scarborough CC-ch"]
[Site "Toronto CAN"]
[Date "2009.03.05"]
[Round "2"]
[White "Siddeley, Hugh"]
[Black "Sellars, Karl"]
[Result "0-1"]
[WhiteElo "2167"]
[BlackElo "2209"]
[PlyCount "96"]
[GameId "2160767910260481"]
[EventDate "2009.02.26"]
[EventType "tourn"]
[EventRounds "9"]
[EventCountry "CAN"]
[SourceTitle "EXT 2011"]
[Source "ChessBase"]
[SourceDate "2011.11.26"]
[SourceVersion "1"]
[SourceVersionDate "2011.11.26"]
[SourceQuality "1"]

1. c4 c5 2. Nf3 Nc6 3. d4 cxd4 4. Nxd4 Nf6 5. Nc3 Qa5 6. Nb3 Qc7 7. e4 e6 8. a3 d6 9. Be3 Be7 10. Rc1 O-O 11. Be2 a6 12. O-O Ne5 13. Nd4 b6 14. f3 Bb7 15. Kh1 Rac8 16. b4 Ned7 17. Qb3 Rfe8 18. Rfd1 Bf8 19. Bf2 Qb8 20. Bf1 Qa8 21. Nde2 Bc6 22. Rc2 Red8 23. Rcd2 Qb8 24. Nd4 Ba8 25. Bg3 Qc7 26. Rc2 h6 27. Rdc1 g5 28. c5 bxc5 29. Nxe6 fxe6 30. Qxe6+ Kg7 31. Bxa6 Re8 32. Qf5 Rb8 33. h4 gxh4 34. Bxh4 Re5 35. Qf4 Rh5 36. Bb5 Be7 37. bxc5 Ne5 38. cxd6 Qxd6 39. Qg3+ Ng6 40. e5 Qxe5 41. Qxe5 Nxe5 42. g3 Nxf3 43. Rg2 Ng4 44. Bd7 Nf2+ 45. Rxf2 Nxh4+ 46. Nd5 Bxd5+ 47. Kg1 Ng6 48. Rfc2 Rb3 0-1

[Event "Scarborough CC-ch"]
[Site "Toronto CAN"]
[Date "2009.03.12"]
[Round "3"]
[White "Lamb, Bryan"]
[Black "Henry, Liam"]
[Result "1/2-1/2"]
[WhiteElo "2237"]
[BlackElo "2248"]
[PlyCount "20"]
[GameId "2160767910260482"]
[EventDate "2009.02.26"]
[EventType "tourn"]
[EventRounds "9"]
[EventCountry "CAN"]
[SourceTitle "EXT 2011"]
[Source "ChessBase"]
[SourceDate "2011.11.26"]
[SourceVersion "1"]
[SourceVersionDate "2011.11.26"]
[SourceQuality "1"]

1. d4 Nf6 2. Nc3 d5 3. Bg5 Nbd7 4. Qd3 e6 5. e4 dxe4 6. Nxe4 Be7 7. Bxf6 Nxf6 8. O-O-O Nxe4 9. Qxe4 Qd5 10. Qxd5 exd5 1/2-1/2

[Event "Scarborough CC-ch"]
[Site "Toronto CAN"]
[Date "2009.03.12"]
[Round "3"]
[White "Sellars, Karl"]
[Black "Moffat, Andrei"]
[Result "0-1"]
[WhiteElo "2209"]
[BlackElo "2167"]
[PlyCount "75"]
[GameId "2160767910260483"]
[EventDate "2009.02.26"]
[EventType "tourn"]
[EventRounds "9"]
[EventCountry "CAN"]
[SourceTitle "EXT 2011"]
[Source "ChessBase"]
[SourceDate "2011.11.26"]
[SourceVersion "1"]
[SourceVersionDate "2011.11.26"]
[SourceQuality "1"]

1. Nf3 Nc6 2. e4 e5 3. Bc4 Nf6 4. d3 Be7 5. O-O O-O 6. Re1 d6 7. c3 Na5 8. Bb5 Bd7 9. Bxd7 Qxd7 10. Nbd2 Nc6 11. Nf1 Rad8 12. Qb3 Nh5 13. Qxb7 Nf4 14. Qa6 g5 15. Ng3 g4 16. Nd2 d5 17. Nf5 Bc5 18. Nb3 Bb6 19. Be3 Nb8 20. Qb7 Nxd3 21. Red1 Nxb2 22. Rxd5 Qe6 23. Nc5 Qf6 24. Nh6+ Kh8 25. Nxg4 Qc6 26. Nxe5 Qxb7 27. Nxb7 Rxd5 28. exd5 f6 29. Nc6 Nc4 30. Bc5 Re8 31. Bxb6 axb6 32. Nbd8 Nxc6 33. Nxc6 Nd2 34. Nd4 Re5 35. Ne6 Rxd5 36. Nxc7 Rc5 37. Ne6 Re5 38. Nf4 0-1

[Event "Scarborough CC-ch"]
[Site "Toronto CAN"]
[Date "2009.03.12"]
[Round "3"]
[White "Villalobos, Oscar"]
[Black "Krupka, David"]
[Result "0-1"]
[WhiteElo "2061"]
[BlackElo "2221"]
[PlyCount "64"]
[GameId "2160767910260484"]
[EventDate "2009.02.26"]
[EventType "tourn"]
[EventRounds "9"]
[EventCountry "CAN"]
[SourceTitle "EXT 2011"]
[Source "ChessBase"]
[SourceDate "2011.11.26"]
[SourceVersion "1"]
[SourceVersionDate "2011.11.26"]
[SourceQuality "1"]

1. d4 d5 2. Nf3 Nf6 3. e3 c5 4. c3 cxd4 5. exd4 Nc6 6. Bg5 Bg4 7. Nbd2 Ne4 8. Bf4 Nxd2 9. Qxd2 Bxf3 10. gxf3 Qa5 11. Bh3 e6 12. a3 Be7 13. Rg1 g6 14. Kf1 Qd8 15. Bh6 Bf6 16. Re1 Qd6 17. Bf4 Qd7 18. Bh6 Qd6 19. Kg2 Ne7 20. Kh1 Rc8 21. Qe2 a6 22. Rg4 Nf5 23. Bf4 Qc6 24. Be5 Bxe5 25. Qxe5 O-O 26. Qf6 Qb6 27. Rg5 Ng7 28. Re2 Qd8 29. Qf4 b5 30. Rg1 Rc6 31. Bg4 Qh4 32. Rg3 Nh5 0-1

[Event "Scarborough CC-ch"]
[Site "Toronto CAN"]
[Date "2009.03.12"]
[Round "3"]
[White "Wu, Kevin"]
[Black "Siddeley, Hugh"]
[Result "1/2-1/2"]
[WhiteElo "1905"]
[BlackElo "2167"]
[PlyCount "64"]
[GameId "2160767910260485"]
[EventDate "2009.02.26"]
[EventType "tourn"]
[EventRounds "9"]
[EventCountry "CAN"]
[SourceTitle "EXT 2011"]
[Source "ChessBase"]
[SourceDate "2011.11.26"]
[SourceVersion "1"]
[SourceVersionDate "2011.11.26"]
[SourceQuality "1"]

1. e4 c5 2. Nf3 Nc6 3. d4 cxd4 4. Nxd4 g6 5. Be3 Bg7 6. c4 Nf6 7. Nc3 O-O 8. Be2 b6 9. O-O Bb7 10. f3 Nxd4 11. Bxd4 d6 12. Qd2 Nd7 13. Bxg7 Kxg7 14. f4 a5 15. f5 Ne5 16. Rf4 f6 17. Nb5 Bc6 18. Nd4 Bd7 19. Rh4 g5 20. Rh3 Qc7 21. Rc1 Qc5 22. Kh1 Rac8 23. Qd1 b5 24. a3 bxc4 25. Bxc4 Nxc4 26. Rxh7+ Kxh7 27. Qh5+ Kg8 28. Qg6+ Kh8 29. Rc3 Ne3 30. Rxc5 dxc5 31. Qh6+ Kg8 32. Qg6+ Kh8 1/2-1/2

[Event "Scarborough CC-ch"]
[Site "Toronto CAN"]
[Date "2009.03.12"]
[Round "3"]
[White "Yuan, Yuanling"]
[Black "Hall, John2"]
[Result "1/2-1/2"]
[WhiteElo "2242"]
[BlackElo "2204"]
[PlyCount "86"]
[GameId "2160767910260486"]
[EventDate "2009.02.26"]
[EventType "tourn"]
[EventRounds "9"]
[EventCountry "CAN"]
[SourceTitle "EXT 2011"]
[Source "ChessBase"]
[SourceDate "2011.11.26"]
[SourceVersion "1"]
[SourceVersionDate "2011.11.26"]
[SourceQuality "1"]

1. e4 e5 2. Nf3 Nc6 3. Bb5 a6 4. Ba4 Nf6 5. O-O Be7 6. Re1 b5 7. Bb3 O-O 8. c3 d5 9. exd5 Nxd5 10. Nxe5 Nxe5 11. Rxe5 c6 12. d4 Bd6 13. Re1 Qh4 14. g3 Qh3 15. Be3 Bg4 16. Qd3 Rae8 17. Nd2 Re6 18. a4 Qh5 19. axb5 axb5 20. Qf1 Rfe8 21. Bxd5 Qxd5 22. f3 Bf5 23. Bf2 h5 24. b3 Bg6 25. h4 Bc2 26. c4 Qf5 27. c5 Bc7 28. Rxe6 Rxe6 29. Re1 Bd3 30. Qg2 Qd5 31. Rxe6 Qxe6 32. b4 Qe2 33. Ne4 Qd1+ 34. Kh2 Qb1 35. Qh3 Qc2 36. Qc8+ Kh7 37. Qf5+ Kg8 38. Kg2 Qe2 39. Qc8+ Kh7 40. Ng5+ Kg6 41. Qxc7 Qf1+ 42. Kh2 Qxf2+ 43. Kh1 Qf1+ 1/2-1/2

[Event "Scarborough CC-ch"]
[Site "Toronto CAN"]
[Date "2009.03.19"]
[Round "4"]
[White "Hall, John2"]
[Black "Krupka, David"]
[Result "1-0"]
[WhiteElo "2204"]
[BlackElo "2221"]
[PlyCount "91"]
[GameId "2160767910260487"]
[EventDate "2009.02.26"]
[EventType "tourn"]
[EventRounds "9"]
[EventCountry "CAN"]
[SourceTitle "EXT 2011"]
[Source "ChessBase"]
[SourceDate "2011.11.26"]
[SourceVersion "1"]
[SourceVersionDate "2011.11.26"]
[SourceQuality "1"]

1. e4 c6 2. d4 d5 3. Nc3 dxe4 4. Nxe4 Nf6 5. Nxf6+ gxf6 6. c3 Bf5 7. Nf3 Qc7 8. g3 Nd7 9. Bg2 Be4 10. O-O e6 11. Re1 f5 12. Ng5 Nf6 13. Bxe4 Nxe4 14. Qh5 Nxg5 15. Bxg5 Qd7 16. Bf6 Rg8 17. Qxf5 Rg6 18. Qf3 Qd5 19. Re3 Qxf3 20. Rxf3 Be7 21. Bxe7 Kxe7 22. Re1 h5 23. h4 Rd8 24. Re5 Rd5 25. Rxd5 cxd5 26. Kf1 Rg8 27. Ke2 f5 28. Kd3 Rc8 29. Re3 b5 30. b3 Kd6 31. Re1 Rc6 32. Rc1 Ra6 33. Rc2 Kd7 34. Ke3 Rc6 35. Kf4 b4 36. c4 dxc4 37. bxc4 a5 38. c5 Rc8 39. Ke5 a4 40. d5 exd5 41. Kxd5 Kc7 42. Kc4 Rb8 43. Rb2 b3 44. axb3 axb3 45. Rxb3 Re8 46. Re3 1-0